000 00823nam a22002657a 4500
005 20250403152055.0
008 250403b |||||||| |||| 00| 0 eng d
020 _a978-1-5095-6102-5 (pbk)
037 _cTB
040 _aCRL
_cCRL
041 _2eng
_aeng
084 _aR4,(Y:45) R4
_qCRL
100 _aBordoni, Carlo
_9324494
245 _aEthical violence
260 _aCambridge, UK:
_bPolity,
_c2024.
300 _avii, 157p.
365 _b22.95
_cUSD
650 _aEthics
650 _aviolence
650 _aPhilosophy
650 _aSociology
700 _aDoherty, Wendy (Translator)
_9751790
942 _2CC
_cTB
_hR4,(Y:45) R4
_n0
999 _c1308427
_d1308427